LEADER 01424nam a2200277 u 4500 001 000000115721 003 CaOOAMICUS 005 20090519101954.0 008 090519s2004 it u000 u ita r 040 $aPUL$bita$dLDB 100 1 $aMonti, Vincenzo,$d1754-1828.$0(OLS)http://pul/name/17478 245 10$aOpere /$cVincenzo Monti ; a cura di Manara Valgimigli e Carlo Muscetta. 260 $aRoma :$bIstituto della Enciclopedia Italiana fondata da Giovanni Treccani,$cc2004. 300 $alvii, 1260 p. ;$c22 cm 490 1 $aLa Letteratura italiana (Ricciardi).$aStoria e testi ;$v54 500 $aRistampa dell'edizione Ricciardi. 504 $aBibliografia: p. [l]-lvii. 700 1 $aValgimigli, Manara,$d1876-1965.$0(OLS)http://pul/name/15084 700 1 $aMuscetta, Carlo,$d1912-2004.$0(OLS)http://pul/name/5891 700 1 $aMonti, Vincenzo,$d1754-1828.$tOpere.$0(OLS)http://pul/nameTitle/934$0(OLS)http://pul/name/17478$0(OLS)http://pul/title/5258 830 3$aLa Letteratura italiana (Ricciardi).$pStoria e testi ;$v54.$0(OLS)http://pul/title/8446 850 $aPUL 852 $aPUL$W1$xSL Cons. Gen., Altre Classi 3$y75$m850 ENC 1.54$j132553$qDDC 21$B131549$CPULBib$Z2$F131549 $H110381 $82 941 1 $a9 996 $6245$aOpere$9(OLS)http://pul/title/9199 996 $6260$aRoma :$bIstituto della Enciclopedia Italiana fondata da Giovanni Treccani$9(OLS)http://pul/publisher/50662 LEADER 01701namaa2200397 i 4500 001 000000177911 003 CaOOAMICUS 005 20250715131244.0 007 tu 008 250715s2024 it 000 u ita r 020 $a978-88-311-8281-2* 040 $aPUL$bita$erda 082 0 $a252.02 100 0 $aSozomenus, Salaminius Hermias,$dattivo secoli 4.-5.,$eautore.$0(OLS)http://pul/name/9548 245 10$aStoria ecclesiastica /$cSozomeno di Gaza ; introduzione, versione italiana e note di Salvatore Borzì. 264 4$c©2024. 264 1$aRoma :$bCittà Nuova,$c[2024] 300 $a732 pagine ;$c20 cm 336 $atesto$btxt$2rdacontent 337 $asenza mediazione$bn$2rdamedia 338 $avolume$bnc$2rdacarrier 490 1 $aCollana di testi patristici ;$v280 504 $aBibliografia in nota. 600 04$aSozomenus Salaminius Hermias,$dm. 439$tHistoria ecclesiastica.$0(OLS)http://pul/subject/44805 700 1 $aBorzì, Salvatore,$d1972-,$ecuratore,$etraduttore.$0(OLS)http://pul/name/64681 830 0$aCollana di testi patristici ;$v280.$0(OLS)http://pul/title/17027 850 $aPUL 852 $aPUL$W1$xSL Cons. Gen., Altre Classi 1$y1$m2000 E 280$j201847$qStampati$B206894$CPULBib$Z2$F206894 $H137946 $82 900 $aSozomeno,$dm. 439$99548 941 1 $a8 996 $6020$a978-88-311-8281-2*$9(OLS)http://pul/number/170489 996 $6082$a252.02$9(OLS)http://pul/classification/3281 996 $6245$aStoria ecclesiastica$9(OLS)http://pul/title/20259 996 $6264$aRoma :$bCittà Nuova$9(OLS)http://pul/publisher/47927 996 $6264$a[S.l.] :$b[s.n.]$9(OLS)http://pul/publisher/0